00445nam a2200169Ia 450000500170000000800460001702000180006303700120008104000200009304100130011308400230012610000200014924500190016926000610018830000130024936500130026220250508164355.0008 250505s9999 xx 000 0 hin d a81-7119-853-8 aTextual aFEDLbengcFEDL ahin2eng a891.443, MAHqFEDL aMahashweta Devi 0aJhansi ki rani aDelhi, IndiabRadha Krishna Prakashan Private Ltd.c2003 axix,255p aINRb225